Statistics for NFL Combine Record Quiz

Click here to take the quiz!

General Stats

  • This quiz has been taken 20 times
  • The average score is 2 of 8

Answer Stats

EventYear#Answer% Correct
40 Yard Dash20174.22John Ross
100%
Broad Jump201512’3”Byron Jones
63%
20 Yard Shuttle20063.81Jason Allen
37%
Bench Press199951Justin Ernest
16%
Vertical Jump200546.0Gerald Sensabaugh
11%
60 Yard Shuttle201710.81Shelton Gibson
11%
3 Cone Drill20116.42Jeff Maehl
5%
Wonderlic197550/50Pat McInally
5%

Score Distribution

Percentile by Number Answered

Percent of People with Each Score

Your Score History

You have not taken this quiz